书目信息 |
| 题名: |
国外乡村设计
|
|
| 作者: | 阿伦特 著 ;叶齐茂 , 倪晓晖 译 | |
| 分册: | ||
| 出版信息: | 北京 中国建筑工业出版社 2010.02 |
|
| 页数: | 376页 | |
| 开本: | 28cm | |
| 丛书名: | ||
| 单 册: | ||
| 中图分类: | TU982 | |
| 科图分类: | ||
| 主题词: | 乡村规划--xiang cun gui hua--设计--外国 | |
| 电子资源: | ||
| ISBN: | 978-7-112-11383-5 | |
| 000 | 01047nam0 2200277 450 | |
| 001 | 272863 | |
| 005 | 20220915151949.59 | |
| 010 | @a978-7-112-11383-5@dCNY78.00 | |
| 100 | @a20100515d2010 km y0chiy0121 eb | |
| 101 | 1 | @achi@ceng |
| 102 | @aCN@b110000 | |
| 105 | @aa a 000yy | |
| 200 | 1 | @a国外乡村设计@Aguo wai xiang cun she ji@d= Rural by Design American Planning Assocication@f(美) 兰德尔· 阿伦特著@F(mei)lan de er·a lun te zhu@g叶齐茂, 倪晓晖译@zeng |
| 210 | @a北京@c中国建筑工业出版社@d2010.02 | |
| 215 | @a376页@c图@d28cm | |
| 306 | @a由美国规划协会授权翻译出版 | |
| 320 | @a有书目 (第368-376页) | |
| 330 | @a本书主要内容包括四部分共计22章:城镇特征;选择不同的保护和开发方案;实施方法;案例。 | |
| 500 | 10 | @aRural by Design American Planning Assocication@mChinese |
| 606 | 0 | @a乡村规划@Axiang cun gui hua@x设计@y外国 |
| 690 | @aTU982@v4 | |
| 701 | 1 | @a阿伦特@Aa lun te@4著 |
| 702 | 0 | @a叶齐茂@Aye qi mao@4译 |
| 702 | 0 | @a倪晓晖@Ani xiao hui@4译 |
| 801 | 0 | @aCN@b河南城建学院图书馆@c20100515 |
| 905 | @dTU982@eA110@f3 | |
| 国外乡村设计= Rural by Design American Planning Assocication/(美) 兰德尔· 阿伦特著/叶齐茂, 倪晓晖译.-北京:中国建筑工业出版社,2010.02 |
| 376页:图;28cm |
| ISBN 978-7-112-11383-5:CNY78.00 |
| 本书主要内容包括四部分共计22章:城镇特征;选择不同的保护和开发方案;实施方法;案例。 |
| ● |
| 相关链接 |
|
|
|
正题名:国外乡村设计
索取号:TU982/A110
 
预约/预借
| 序号 | 登录号 | 条形码 | 馆藏地/架位号 | 状态 | 备注 |
| 1 | 1503893 | 215038938 | 建筑与城市规划学院资料室/ [索取号:TU982/A110] | 在馆 | |
| 2 | 1503894 | 215038947 | 建筑与城市规划学院资料室/ [索取号:TU982/A110] | 在馆 | |
| 3 | 994809 | 209948093 | 建筑库201/201建筑库 58排7列1层/ [索取号:TU982/A110] | 在馆 | |
| 4 | 994810 | 209948100 | 建筑与城市规划学院资料室/101建筑库 84排4列1层/ [索取号:TU982/A110] | 在馆 | |
| 5 | 994811 | 209948119 | 建筑库201/201建筑库 58排7列1层/ [索取号:TU982/A110] | 在馆 |